| 000 | 00879cab a2200205 4500 | ||
|---|---|---|---|
| 001 | E2000 | ||
| 008 | 090401t1994 xxu||||| |||| 00| 0 eng d | ||
| 035 | _a(Sirsi) u36865 | ||
| 041 | _aeng | ||
| 245 | _aLangstane (SP) Housing Association Ltd v Alan Davie | ||
| 260 | _c1994 | ||
| 350 | _a0 | ||
| 490 |
_aScottish Civil Law Reports _v1994 SCLR 158-160(3) |
||
| 520 | _aSheriff Court 22 July 1993. Heritable property - pro indiviso proprietors - right of one proprietor to raise action for recovery of possession of heritable property against other. Process - Sheriff Court - summary cause - action for recovery of possession of heritable property - competency - action by one pro indiviso proprietor against other. | ||
| 650 | _aHERITABLE PROPERTY | ||
| 650 | _aHOUSING ASSOCIATIONS | ||
| 690 | _aPROPERTY LAW AND PRACTICE-CASE LAW | ||
| 942 | _n0 | ||
| 948 | _c04/03/1997 | ||
| 999 |
_c23855 _d23855 |
||